Pozornosť konkrétnym stabilizačným programom V našej vlasti vyvrcholili oslavy Dňa stavbárov

Bibliographic Details
Main Authors: Zelenay, Milan (Author), Zelenay, Vladimír (Author)
Format: Article
Language:Slovak
Subjects:

MARC

LEADER 00000nab a2200000 a 4500
001 vtls000090481
003 SK-MaSNL
005 20260305020242.0
008 160202c1981 xo 0 slo
015 |a SNBRB19rr/mm-uuuuu 
035 |a CL0100584 
040 |a SNKBUCL  |b slo  |c SNKBUCL  |e AACR2 
041 0 |a slo 
044 |a xo  |c SK 
080 |a 69  |2 1981 
100 1 |a Zelenay, Milan  |4 aut  |9 744521 
245 1 0 |a Pozornosť konkrétnym stabilizačným programom  |b V našej vlasti vyvrcholili oslavy Dňa stavbárov  |c Milan Zelenay ; Vladimír Zelenay 
650 0 7 |a stavební robotníci  |2 snkbucl  |9 30248 
650 0 7 |a Deň stavbárov  |2 snkbucl  |9 948986 
651 7 |a 3100  |2 snkbucl  |9 920766 
651 7 |a 5100  |2 snkbucl  |9 166206 
655 7 |a články z novín a časopisov  |2 snkbucl  |9 267496 
700 1 |a Zelenay, Vladimír  |4 aut  |9 1595743 
773 0 |t Pravda  |g Roč. 62, č. 163 (13. 7. 1981), s. 1-2 
850 |a Slovenská národná knižnica v Martine  |a MTA001 
852 |a SNK  |b KIS3GCP 
958 |a RK 
958 |a CZ 
992 |a RBX 
999 |c 3279713  |d 3281643